Aprenda a crear webs dinámicas con Dreamweaver UltraDev /

Contenido: 1. Proyectos web; 2. Edición de HTML; 3. Coherencia del sitio; 4. Utilización de bases de datos; 5. Programación con VBScript; 6. Programación en JScript; 7. Introducción a las páginas ASP; 8. Páginas de búsqueda; 9. Modelo de objetos del documento; 10. Páginas de actualización de datos;...

Descrizione completa

Salvato in:
Dettagli Bibliografici
Autore principale: Drudis, Carles (autor)
Altri autori: Guasch, Irene (autor) (autor), Manríquez, Alvaro (autor) (autor)
Natura: Libro
Lingua:spagnolo
Pubblicazione: Barcelona, España : Gestión 2000, 2001, c2001
Soggetti:
Tags: Aggiungi Tag
Nessun Tag, puoi essere il primo ad aggiungerne!!

MARC

LEADER 00000nam^a2200000^a^4500
001 000279278
005 20250521000000.0
009 20260310111430.225
020 |a 84-8088-631-5 
037 |a Acervo ITESO - Biblioteca 
041 |a ESP 
082 |a 621. 382171068  |b DRU 
100 |a Drudis, Carles  |e (autor) 
245 1 0 |a Aprenda a crear webs dinámicas con Dreamweaver UltraDev /  |c C. Drudis, I. Guasch, A. Manríquez. 
264 4 |a Barcelona, España :  |b Gestión 2000,  |c 2001, c2001 
300 |a 339 p. 
336 |a texto  |b txt  |2 rdacontenido 
337 |a sin mediación  |b n  |2 rdamedio 
338 |a volumen  |b nc  |2 rdasoporte 
520 |a Contenido: 1. Proyectos web; 2. Edición de HTML; 3. Coherencia del sitio; 4. Utilización de bases de datos; 5. Programación con VBScript; 6. Programación en JScript; 7. Introducción a las páginas ASP; 8. Páginas de búsqueda; 9. Modelo de objetos del documento; 10. Páginas de actualización de datos; 11. Manipulación de imágenes; 12. Comercio electrónico; 13. Utilización de componentes; 14. Construcción de behaviours. 
649 |a XX 
650 |a Páginas en Línea -  |x Diseño y Construcción -  |x Tema Principal 
650 |a Diseño de Información 
650 |a Diseño Asistido por Computadora 
650 |a Internet 
650 |a Redes de Computadoras 
650 |a Comunicación en Red 
650 |a Diseño Gráfico 
650 |a Comunicación Visual 
650 |a Programación (Software) -  |x Tema Principal 
650 |a Desarrollo de Sistemas 
650 |a Sistemas Computacionales 
650 |a Ingeniería Computacional 
700 |a Guasch, Irene  |e (autor) 
700 |a Manríquez, Alvaro  |e (autor) 
910 |a Fondo General 
920 |a Impresos - Libros 
930 |a Colección General 
905 |a 101 
901 |a 0500164533  |b IT1  |c ACC  |u 20250521 
902 |a https://opac.biblio.iteso.mx/vufind/Record/000279278